[Event "Paris-ch"]
[Site "Paris"]
[Date "1993.??.??"]
[Round "5"]
[White "Tagnon, Nicole"]
[Black "Pinard, Alain"]
[Result "1-0"]
[WhiteElo "2075"]
[BlackElo "2265"]

1.e4 g6 2.d4 Bg7 3.Nc3 c6 4.h4 d6 5.h5 b5 6.a3 Nf6 7.Be2 Nbd7 8.h6 Bf8 9.g4 e5
10.g5 Ng8 11.d5 Bb7 12.Be3 cxd5 13.Nxd5 a6 14.a4 Be7 15.axb5 axb5 16.Rxa8 Bxa8
17.Bxb5 Qa5+ 18.b4 Qa2 19.Bxd7+ Kxd7 20.Qg4+ f5 21.gxf6 Ke8 22.fxe7 Nxe7
23.Nxe7 Qb1+ 24.Qd1 Qxb4+ 25.Qd2 Qxe4 26.f3 Qc4 27.Qd3 Qxd3 28.cxd3 Kxe7
29.Ke2 Rb8 30.Nh3 Rb2+ 31.Bd2 Bxf3+ 32.Kxf3 Rxd2 33.Ke3 Rg2 34.Nf2 Rg3+ 35.Ke2 d5
36.Ra1 Kf6 37.Ra7 Kf5 38.Rxh7 Kg5 39.Rh8 Rg2 40.h7 Rh2 41.Re8 Rxh7 42.Rxe5+ Kf6
43.Rxd5 Re7+ 44.Ne4+ Ke6 45.Rd6+ Ke5 46.Rxg6  1-0

[Event "Polanica Zdroj op"]
[Site "Polanica Zdroj"]
[Date "1993.??.??"]
[Round "7"]
[White "Korneev, Oleg"]
[Black "Maciejewski, Andrzej"]
[Result "1/2-1/2"]
[WhiteElo "2475"]
[BlackElo "2360"]

1.e4 g6 2.d4 Bg7 3.Nc3 c6 4.f4 d5 5.e5 h5 6.Nf3 Nh6 7.Be3 Bg4 8.h3 Nf5 9.Bf2 Bxf3
10.Qxf3 h4 11.Bd3 e6 12.O-O Bf8 13.Ne2 a5 14.b3 Ba3 15.c4 Kf8 16.Kh2 Na6
17.Rad1 Nb4 18.Bb1 Na6 19.Rg1 Be7 20.c5 b6 21.cxb6 Qxb6 22.Nc3 c5 23.Na4 Qb4
24.dxc5 Nxc5 25.Nxc5 Bxc5 26.Bxc5+ Qxc5 27.Bxf5 gxf5 28.Rc1 Qd4 29.Rc7 Rh6
30.g4 Rg6 31.Rg2 a4 32.g5 axb3 33.axb3 Rb8 34.Qf2 Qxf2 35.Rxf2 Rg8 36.Ra2 Kg7
37.g6 Kxg6 38.Rg2+ Kh5 39.Rxg8 Rxg8 40.Rxf7 Rb8 41.Rh7+ Kg6 42.Re7 Rb6 43.Kg2 Kh5
44.Ra7 Kg6 45.Re7 Kh6 46.Kf2  1/2-1/2

[Event "RL-chC"]
[Site "Polch"]
[Date "1993.??.??"]
[Round "?"]
[White "Pax, Horst"]
[Black "Kohlei, Rolf"]
[Result "1/2-1/2"]
[WhiteElo "2005"]
[BlackElo "1970"]

1.e4 g6 2.d4 Bg7 3.Nc3 c6 4.f4 d5 5.e5 h5 6.Nf3 Nh6 7.Be3 Bf5 8.h3 a5 9.a4 Na6
10.Bxa6 Rxa6  1/2-1/2

[Event "RL-chC"]
[Site "Polch"]
[Date "1993.??.??"]
[Round "?"]
[White "Pax, Horst"]
[Black "Ganser, Johannes"]
[Result "1-0"]
[WhiteElo "2005"]
[BlackElo "1900"]

1.e4 g6 2.d4 Bg7 3.Nc3 c6 4.f4 d5 5.e5 h5 6.Nf3 Bg4 7.Be2 e6 8.g3 Nh6 9.Be3 Nf5
10.Bf2 Nd7 11.Qd2 Bf8 12.h3 Bxf3 13.Bxf3 Qa5 14.g4 Ng7 15.Ne2 Bb4 16.c3 Be7
17.Kf1 O-O-O 18.Kg2 hxg4 19.hxg4 Rdf8 20.b3 Kb8 21.a4 Qd8 22.Qc2 Rxh1 23.Rxh1 Rh8
24.Qb1 Qg8 25.Qg1 Nf8 26.Rh2 g5 27.Qh1 Rxh2+ 28.Qxh2 gxf4 29.Nxf4 Qh7 30.Qxh7 Nxh7
31.Be2 Kc8 32.Be3 Nf8 33.Kh3 Bg5 34.Kg3 Kd7 35.Bd3 Be7 36.Nh5 Ne8 37.Bh6 Kd8
38.b4 Kd7 39.Kf4 Kd8 40.Bg5 Bxg5+ 41.Kxg5 Ke7 42.Bc2 b6 43.Kh6 Nd7 44.g5 c5
45.b5 cxd4 46.cxd4 Nc7 47.Kg7 Ne8+ 48.Kg8 Nf8 49.Nf6 Nc7 50.Bd3 Ne8 51.Ng4 Ng6
52.Bxg6 fxg6 53.Nf6 Nc7 54.Kg7  1-0

[Event "Police op"]
[Site "Police"]
[Date "1993.??.??"]
[Round "6"]
[White "Bashkov, Viacheslav"]
[Black "Koutsin, Sergey"]
[Result "0-1"]
[WhiteElo "2450"]
[BlackElo "2390"]

1.e4 g6 2.d4 Bg7 3.Nc3 c6 4.Nf3 d5 5.h3 Nf6 6.e5 Ne4 7.Bd3 Nxc3 8.bxc3 c5
9.O-O O-O 10.Re1 Nc6 11.dxc5 Qa5 12.Rb1 Qxc3 13.Rb3 Qa5 14.Bb2 Qc7 15.c4 dxc4
16.Bxc4 Na5 17.e6 f6 18.Rc3 Nxc4 19.Rxc4 b6 20.Qa4 b5  0-1

[Event "Porz op29"]
[Site "Porz"]
[Date "1993.??.??"]
[Round "8"]
[White "Lemanczyk, Thomas"]
[Black "Kostadinov, Atanas"]
[Result "1-0"]
[WhiteElo "2035"]
[BlackElo "2245"]

1.d4 g6 2.e4 c6 3.Nc3 Bg7 4.Nf3 d6 5.a4 Nf6 6.Be2 Nbd7 7.O-O Qc7 8.Re1 O-O
9.Bf1 b6 10.h3 a6 11.e5 Nd5 12.Nxd5 cxd5 13.e6 fxe6 14.Ng5 Nf6 15.f4 Nh5
16.Ra3 Nxf4 17.Rf3 Nh5 18.Rxf8+ Bxf8 19.Bd3 Nf6 20.Bf4 Bg7 21.g4 Ne4 22.Nxe4 dxe4
23.Bxe4 Bb7 24.c3 Rf8 25.Bg3 Bxe4 26.Rxe4 Qd7 27.Qb3 d5 28.Re2 b5 29.axb5 axb5
30.Qa3 Rf3 31.Kg2 Rf8 32.Qa6 Bf6 33.Rxe6 b4 34.Rc6 bxc3 35.bxc3 Kg7 36.Rc7 Qd8  1-0

[Event "CRO-Cup"]
[Site "Pula"]
[Date "1993.??.??"]
[Round "1"]
[White "Milasin, Miljenko"]
[Black "Nurkic, Sahbaz"]
[Result "1-0"]
[WhiteElo "2305"]
[BlackElo "2425"]

1.e4 g6 2.d4 Bg7 3.Nc3 c6 4.Be3 d5 5.Be2 dxe4 6.Nxe4 Nh6 7.c3 Nf5 8.Bf4 O-O
9.Nf3 Nd7 10.O-O Nb6 11.h3 a5 12.Re1 a4 13.a3 Nd6 14.Nc5 Nd5 15.Be5 Qa5 16.Bd3 Bxe5
17.Nxe5 Nf6 18.Qf3 Kg7 19.g4 Qc7 20.Nc4 b6 21.Nxd6 exd6 22.Ne4 Nxe4 23.Bxe4 f5
24.gxf5 d5 25.Bd3 Bxf5 26.Re5 Be4 27.Qe2 Bxd3 28.Qxd3 Rf7 29.Rae1 Raf8 30.Qg3 Qd8
31.R1e2 Kg8 32.Re6 c5 33.Qg4 cxd4 34.Qxd4  1-0

[Event "ROM-chT"]
[Site "ROM"]
[Date "1993.??.??"]
[Round "1"]
[White "Biriescu, Ioan"]
[Black "Komliakov, Viktor"]
[Result "1/2-1/2"]
[WhiteElo "2340"]
[BlackElo "2435"]

1.e4 g6 2.d4 Bg7 3.Nc3 c6 4.Nf3 d5 5.h3 Nf6 6.Bd3 dxe4 7.Nxe4 Nxe4 8.Bxe4 Bf5
9.Bxf5 Qa5+ 10.c3 Qxf5 11.O-O O-O 12.Re1 Qd7 13.Bf4  1/2-1/2

[Event "ROM-chT"]
[Site "ROM"]
[Date "1993.??.??"]
[Round "1"]
[White "Polihroniade, Elisabeta"]
[Black "Lupu, Smaranda  B"]
[Result "1/2-1/2"]
[WhiteElo "2215"]
[BlackElo "2175"]

1.e4 g6 2.d4 Bg7 3.Nc3 c6 4.Bc4 d6 5.Qf3 e6 6.Nge2 Nd7 7.Bf4 Qe7 8.O-O e5
9.Bg5 Ngf6 10.Bb3 h6 11.Bh4 O-O 12.h3 Re8 13.Rad1 Nf8 14.Qd3 Ne6 15.Kh1 exd4
16.Bxe6 dxc3 17.Bxc8 Raxc8 18.Nxc3 g5 19.Bg3 Nxe4 20.Qxe4 Qxe4 21.Nxe4 Rxe4
22.Rxd6 Re2 23.Rd7 b5 24.Rxa7 Bd4 25.Rd7 Bxb2 26.f4 f6 27.fxg5 hxg5 28.Rf2 Rxf2
29.Bxf2 Re8 30.Rd2 Bc1 31.Rd1 Re2 32.Rxc1 Rxf2 33.Kg1 Rd2 34.a3  1/2-1/2

[Event "ROM-chT"]
[Site "ROM"]
[Date "1993.??.??"]
[Round "6"]
[White "Piskov, Yury"]
[Black "Lupu, Mircea Sergiu"]
[Result "1/2-1/2"]
[WhiteElo "2520"]
[BlackElo "2435"]

1.d4 g6 2.e4 Bg7 3.Nc3 c6 4.Bc4 d6 5.Qf3 e6 6.Nge2 Nd7 7.O-O Ngf6 8.Rd1 O-O
9.a4 e5 10.d5 Nb6 11.Bb3 c5 12.a5 Nbd7 13.Bg5 h6 14.Bh4 g5 15.Bg3 Re8 16.Ba4 Re7
17.h4 Nf8 18.Qe3 N8h7 19.Bb5 a6 20.Bc4 Nh5 21.hxg5 hxg5 22.Bh2 Bh6 23.f3 Nf4
24.g4 Nf6 25.Ng3 Bf8 26.Qd2 Bd7 27.Na4 Be8 28.Nb6 Rb8 29.Nf5 Rc7 30.Bb3 Nd7
31.Ba4 Ng6 32.Bg3 f6 33.Bxd7 Bxd7 34.Ne3 Be8 35.Kf2 Rh7 36.Rh1 Rxh1 37.Rxh1 Ne7
38.b4 cxb4 39.Rb1 Nc8 40.Rxb4 Nxb6 41.Rxb6 Qc7 42.Qb4 Be7 43.Kg2 Qc5 44.Qxc5 dxc5
45.Re6 Kf7 46.Nf5 Bf8 47.Rb6 Bd7 48.Ne3 Be7 49.Nc4 Bb5 50.Nxe5+ fxe5 51.Bxe5 Rd8
52.Rxb7 Rd7 53.Rb6 Bd8 54.Rh6 Bxa5 55.c4 Bxc4 56.Rh7+ Ke8 57.Rh8+ Kf7  1/2-1/2

[Event "ROM-chT"]
[Site "ROM"]
[Date "1993.??.??"]
[Round "9"]
[White "Negulescu Dan, Sorina"]
[Black "Olarasu, Gabriela"]
[Result "1-0"]
[WhiteElo "2010"]
[BlackElo "2245"]

1.e4 g6 2.d4 Bg7 3.Nc3 c6 4.Bc4 d6 5.Bb3 Nd7 6.Nf3 Qc7 7.O-O Ngf6 8.Qe2 e5
9.dxe5 Nxe5 10.Nxe5 dxe5 11.Be3 O-O 12.Rfd1 b6 13.f3 Re8 14.a4 Bf8 15.a5 b5
16.Qf2 a6 17.h4 Qe7 18.Ne2 Bb7 19.g4 Rad8 20.h5 Rxd1+ 21.Rxd1 Rd8 22.Rxd8 Qxd8
23.hxg6 hxg6 24.Qh4 c5 25.c3 Qd3 26.Kf2 Be7 27.Bg5 Qd8 28.Ke1 c4 29.Bc2 Qd6
30.Ng3 Bd8 31.Nf1 Kf8 32.Ne3 Ke7 33.Ke2 Bxa5 34.b4 cxb3 35.Bxb3 Bxc3 36.Nd5+ Bxd5
37.Bxd5 Kd7 38.Bxf6 Qa3 39.Bg5 Qb2+ 40.Kd3  1-0

[Event "Sala op"]
[Site "Sala"]
[Date "1993.??.??"]
[Round "2"]
[White "Pcola, Pavel"]
[Black "Varavin, Viktor"]
[Result "0-1"]
[WhiteElo "2275"]
[BlackElo "2460"]

1.e4 g6 2.d4 Bg7 3.Nc3 c6 4.Nf3 d5 5.exd5 cxd5 6.Bf4 a6 7.Be2 Nc6 8.Ne5 Nh6
9.O-O Nf5 10.Bf3 e6 11.Nxc6 bxc6 12.Be5 f6 13.Bg3 O-O 14.Na4 e5 15.c3 h5
16.h3 Nxg3 17.fxg3 Ra7 18.Qd2 e4 19.Bd1 Kh7 20.Bc2 Bh6 21.Qf2 f5 22.Nc5 Raf7
23.Rae1 f4 24.gxf4 Rxf4 25.Qe2 Qf6 26.Rxf4 Bxf4 27.Kh1 Bd6 28.Qe3 Qh4 29.Bd1 Bf4  0-1

[Event "Sala op"]
[Site "Sala"]
[Date "1993.??.??"]
[Round "9"]
[White "Shtyrenkov, Veniamen"]
[Black "Varavin, Viktor"]
[Result "1/2-1/2"]
[WhiteElo "2465"]
[BlackElo "2460"]

1.e4 g6 2.d4 Bg7 3.Nc3 c6 4.Be3 d5 5.Qd2 dxe4 6.Nxe4 Nd7 7.Nf3 Ndf6 8.Nc3 Bf5
9.Ne5 Nd7 10.Nxd7 Qxd7 11.O-O-O Nf6 12.Bh6 Bxh6 13.Qxh6 Nd5 14.Nxd5 Qxd5
15.b3 O-O-O 16.Qe3 Qa5 17.Kb2 e5 18.Bc4 exd4 19.Rxd4 Rxd4 20.Qxd4 Rd8 21.Qc3 Qxc3+
22.Kxc3 b5 23.Bd3 Bxd3 24.cxd3 Re8 25.Kd2 Kd7 26.Ra1 Kd6 27.a4 b4 28.Rc1 c5
29.d4 cxd4 30.Rc4 a5 31.Rxd4+ Kc6 32.Rh4 h5 33.Rf4 f5 34.Rc4+ Kd6 35.Rd4+ Ke5
36.Kd3 g5 37.g3 h4 38.gxh4 g4 39.Rc4 Rh8  1/2-1/2

[Event "San Sebastian op"]
[Site "San Sebastian"]
[Date "1993.??.??"]
[Round "?"]
[White "Magem Badals, Jorge"]
[Black "Ubilava, Elizbar"]
[Result "1/2-1/2"]
[WhiteElo "2510"]
[BlackElo "2530"]

1.e4 c6 2.d4 g6 3.Nc3 Bg7 4.Nf3 d5 5.h3 dxe4 6.Nxe4 Nf6 7.Nxf6+ exf6 8.Bd3 Qe7+
9.Be3 O-O 10.O-O Be6 11.Re1 Rd8 12.c4 Nd7 13.Qc2 Nb6 14.a4 Nc8 15.a5 a6 16.Bd2 Qd7
17.Bb4 Nd6 18.Bc5 Bf8 19.Rad1 Re8 20.Qc3 Rac8 21.Qb4 Rcd8 22.b3 Rc8 23.Bf1 h5
24.Ne5  1/2-1/2

[Event "Wuerttemberg-ch"]
[Site "Schramberg"]
[Date "1993.??.??"]
[Round "2"]
[White "Braeuning, Rudolf Wilhelm"]
[Black "Kessler, Dietmar"]
[Result "1-0"]
[WhiteElo "2305"]
[BlackElo "2290"]

1.e4 g6 2.d4 Bg7 3.Nc3 c6 4.Bc4 d6 5.Qf3 e6 6.Bf4 d5 7.Bb3 f5 8.exf5 exf5
9.h4 Be6 10.O-O-O Nf6 11.Re1 Qe7 12.Nh3 Nbd7 13.Bg5 O-O-O 14.Bxd5 Nf8 15.Bxe6+ Nxe6
16.Nf4 Nxg5 17.hxg5 Ne4 18.Nxe4 fxe4 19.Rxe4 Qxg5 20.Kb1 Qf5 21.Qe3 h5 22.Nd3 Rhf8
23.Re1 Bf6 24.f3 Bg5 25.Qe2 h4 26.Nc5 Rd5 27.Re8+ Rxe8 28.Qxe8+ Rd8 29.Qe6+ Qxe6
30.Nxe6 Re8 31.Re4 Bf6 32.c3 Kd7 33.Nc5+ Kd8 34.Nxb7+ Kd7 35.Nc5+ Kd8 36.Rxe8+ Kxe8
37.Kc2 Ke7 38.Kd3 g5 39.Ke4  1-0

[Event "SLO-chT"]
[Site "?"]
[Date "1993.??.??"]
[Round "?"]
[White "Cigan, Stefan"]
[Black "Mikac, Tomaz"]
[Result "1-0"]
[WhiteElo "2365"]
[BlackElo "2270"]

1.e4 g6 2.d4 Bg7 3.Nc3 c6 4.Nf3 d5 5.h3 Nf6 6.Bd3 dxe4 7.Nxe4 Nxe4 8.Bxe4 Nd7
9.O-O O-O 10.Re1 Qc7 11.c3 e5 12.dxe5 Nxe5 13.Nd4 c5 14.Nf3 Nd7 15.Qa4 Nf6
16.Bc2 Bd7 17.Qh4 Rfe8 18.Bf4 Qb6 19.Bb3 Be6 20.Be5 Bxb3 21.axb3 Nd7 22.Bxg7 Kxg7
23.Re7 Rxe7 24.Qxe7 Nf6 25.Ne5 Qxb3 26.Rxa7 Rxa7 27.c4 Qb6 28.Qxf7+ Kh6 29.Qf8+ Kg5
30.Nf3+ Kf5 31.Qe7 Ra1+ 32.Kh2 Qxb2 33.g4+ Nxg4+ 34.hxg4+ Kf4 35.Qe3+ Kxg4
36.Qe4+ Kh5 37.Qh4+  1-0

[Event "St Ingbert op"]
[Site "St Ingbert"]
[Date "1993.??.??"]
[Round "6"]
[White "Seitaj, Ilir"]
[Black "Bebchuk, Evgeni"]
[Result "1-0"]
[WhiteElo "2410"]
[BlackElo "2305"]

1.e4 g6 2.d4 Bg7 3.Nc3 c6 4.Nf3 d5 5.h3 dxe4 6.Nxe4 Nd7 7.Bc4 Ngf6 8.Nxf6+ Nxf6
9.O-O O-O 10.Re1 a5 11.a4 Qc7 12.Qe2 e6 13.c3 Nd5 14.Qe4 Bd7 15.Ne5 Be8 16.Qf3 Qd8
17.Qg3 b5 18.Bb3 b4 19.Bxd5 Qxd5 20.Nd3 c5 21.Nxc5 Bc6 22.Bf4 Rfe8 23.Nd3 bxc3
24.bxc3 Rac8 25.Be5 f6 26.Bd6 Red8 27.Be7 Rd7 28.Ba3 e5 29.Nc5 Rf7 30.Ne4 Rd8
31.dxe5 fxe5 32.Qe3 Bxa4 33.c4 Qd4 34.Bc5 Qxe3 35.Rxe3 Rd1+ 36.Rxd1 Bxd1
37.Rd3 Bc2 38.Rd8+ Bf8 39.Ng5 Rf6 40.Be7 Rf5 41.g4 Rf4 42.Ra8 Bb3 43.Ne6 Kf7
44.Nxf4 Bxe7 45.Nd5 Bd6 46.Ra6 Bf8 47.Rxa5 Bxc4 48.Ne3 Be6 49.Rxe5 h6 50.Ra5 Bd6
51.Kg2 Kf6 52.f3 Kf7 53.Nd5 Bb8 54.Rb5 Bd6 55.Rb7+ Kf8 56.Rb6  1-0

[Event "St Petersburg op"]
[Site "St Petersburg"]
[Date "1993.??.??"]
[Round "?"]
[White "Tseshkovsky, Vitaly"]
[Black "Minasian, Artashes"]
[Result "1/2-1/2"]
[WhiteElo "2495"]
[BlackElo "2535"]

1.e4 g6 2.d4 Bg7 3.Nc3 c6 4.Nf3 d5 5.h3 Nh6 6.Bd3 O-O 7.O-O f6 8.Ne2 Nf7
9.exd5 cxd5 10.c4 Nc6 11.Nf4 Nb4 12.cxd5 Nxd5 13.Nxd5 Qxd5 14.Re1 e6 15.Bf4 Bd7
16.Be4 Qb5 17.a4 Qb4 18.Re3 e5 19.dxe5 f5 20.Qxd7 fxe4 21.Qd4 Qxd4 22.Nxd4 Nxe5
23.Bxe5 Bxe5 24.Rxe4 Rae8 25.Kf1 Bf6 26.Rxe8 Rxe8 27.Nb5 Rd8 28.Ra2 a6 29.Nc3 Rd7
30.Ne4 Be5 31.b3 Rd3 32.Nc5 Rc3 33.Nxb7 Rxb3 34.Nc5 Rb6 35.Ke2 a5 36.Nd3 Bd4
37.f4 Kf7 38.Kf3 h5 39.Ke4 Bf6 40.g4 h4 41.g5 Bg7 42.Rc2 Rb3 43.Rc7+ Kg8
44.Ne5 Bxe5 45.fxe5 Rxh3 46.e6 Kf8 47.Rf7+ Ke8 48.Kd5 Ra3 49.Rg7 Rxa4 50.Rxg6 Ra1
51.Rg8+ Ke7 52.Rg7+ Ke8 53.g6 Rd1+ 54.Ke5 Re1+ 55.Kf5 Rf1+ 56.Kg4 Rg1+ 57.Kxh4 a4
58.Kh5 Re1 59.Kg5 Rg1+ 60.Kf5 Rf1+ 61.Ke5 Re1+ 62.Kd5 Rd1+ 63.Kc4 Rg1 64.Kb4 Rg4+  1/2-1/2

[Event "Rilton Cup op9394"]
[Site "Stockholm"]
[Date "1993.??.??"]
[Round "1"]
[White "Brynell, Stellan"]
[Black "Wiander, Michael"]
[Result "1-0"]
[WhiteElo "2470"]
[BlackElo "2275"]

1.e4 g6 2.d4 Bg7 3.Nc3 c6 4.Nf3 d5 5.h3 Nh6 6.Bd3 f6 7.O-O O-O 8.Re1 Nf7
9.Bf1 b5 10.b3 b4 11.Na4 e5 12.dxe5 fxe5 13.a3 a5 14.Be3 d4 15.Bd2 bxa3 16.Rxa3 Nd6
17.Nb2 c5 18.Nc4 Nc6 19.Nxd6 Qxd6 20.Bc4+ Kh8 21.Qe2 Qf6 22.Rea1 Bxh3 23.Bg5 d3  1-0

[Event "Stribrna Skalice"]
[Site "Stribrna Skalice"]
[Date "1993.??.??"]
[Round "1"]
[White "Emunds, Hans Georg"]
[Black "Rewitz, Poul"]
[Result "0-1"]
[WhiteElo "2275"]
[BlackElo "2250"]

1.e4 g6 2.d4 Bg7 3.Nc3 c6 4.Nf3 d5 5.h3 Nf6 6.e5 Ne4 7.Nxe4 dxe4 8.Ng5 c5
9.dxc5 Qc7 10.Bc4 O-O 11.Nxe4 Qxe5 12.Qe2 Bf5 13.Bd3 Nd7 14.O-O Nxc5 15.Nxc5 Qxc5
16.Bxf5 gxf5 17.Bg5 e6 18.c3 b5 19.a3 Qc4 20.Rfe1 a5 21.a4 Rfb8 22.axb5 Qxe2
23.Rxe2 Rxb5 24.Rd2 h6 25.Be7 Rab8 26.Ra2 Be5 27.Kf1 Kg7 28.Ke2 Bf4 29.Rc2 Re8
30.c4 Re5+ 31.Kf3 Re4 32.Bc5 Bc7 33.Ra3 Re1 34.Re3 Rb1 35.Rb3 e5 36.Ke2 Rc8
37.Rb5 f4 38.Bb6 Bxb6 39.Rxb6 a4 40.Ra6 Rb8 41.Rxa4 R1xb2 42.Ra2 Rxa2 43.Rxa2 e4
44.Kd2 f5 45.Kc3 Rd8 46.c5 e3 47.fxe3 fxe3 48.Re2 f4 49.g3 f3 50.Rxe3 f2  0-1

[Event "SWZ-ch"]
[Site "?"]
[Date "1993.??.??"]
[Round "?"]
[White "Masserey, Yvan"]
[Black "Klauser, Markus"]
[Result "0-1"]
[WhiteElo "2320"]
[BlackElo "2350"]

1.e4 g6 2.d4 Bg7 3.Nc3 c6 4.f4 d5 5.e5 h5 6.Nf3 Bg4 7.Be2 Nh6 8.Be3 Nf5 9.Bf2 e6
10.O-O Bf8 11.h3 Bxf3 12.Bxf3 h4 13.Ne2 Na6 14.b3 Nc7 15.c4 Be7 16.Qd3 Kf8
17.Nc3 Kg7 18.Rfc1 Qd7 19.c5 b6 20.cxb6 axb6 21.Na4 Rhb8 22.Bg4 Na6 23.Qc3 b5
24.Nb2 Rc8 25.Nd3 Ng3 26.Bf3 Ne4 27.Bxe4 dxe4 28.Nc5 Nxc5 29.dxc5 Rd8 30.Qe1 Qd2
31.Bxh4 Bxh4 32.Qxh4 e3 33.Qe1 Qd4 34.g3 Qe4 35.Rd1 Rxd1 36.Qxd1 e2 37.Qe1 Rd8
38.Kh2 Qf3  0-1

[Event "EU-ch U16"]
[Site "Szombathely"]
[Date "1993.??.??"]
[Round "9"]
[White "Kaminski, Marcin"]
[Black "Iordachescu, Viorel"]
[Result "0-1"]
[WhiteElo "2400"]
[BlackElo "2305"]

1.e4 g6 2.d4 Bg7 3.Nc3 c6 4.Nf3 d5 5.h3 Nf6 6.Bd3 dxe4 7.Nxe4 Nxe4 8.Bxe4 O-O
9.O-O Nd7 10.c3 Qc7 11.Bc2 c5 12.Re1 e6 13.g3 cxd4 14.cxd4 Nf6 15.Ne5 Bd7
16.Bf4 Qd8 17.Qd2 Rc8 18.Rac1 Bc6 19.h4 Bd5 20.a3 Qb6 21.b4 Qa6 22.Qe3 b6
23.a4 Qb7 24.b5 Nh5 25.Bh6 Bh1 26.Nc6 Bxh6 27.Qxh6 Bxc6 28.bxc6 Rxc6 29.Be4 Rxc1
30.Bxb7 Rxe1+ 31.Kg2 Ra1 32.g4 Ng7 33.Bc6 Rc8 34.Qf4 Ra3 35.Bd7 Rf8 36.Qc7 h5
37.Qxa7 hxg4 38.Qxb6 Nf5 39.Bc6 Nxh4+ 40.Kf1 Nf3 41.a5 Kg7 42.d5 Rd3 43.Qc7 Rh8
44.Kg2 Rh2+ 45.Kg3 Rd1  0-1

[Event "Werfen op"]
[Site "Werfen"]
[Date "1993.??.??"]
[Round "7"]
[White "Zupe, Miran"]
[Black "Koenig, Dietrich"]
[Result "1-0"]
[WhiteElo "2350"]
[BlackElo "2265"]

1.e4 g6 2.d4 Bg7 3.Nc3 c6 4.h3 d6 5.a4 Nd7 6.g3 Ngf6 7.Bg2 O-O 8.Nge2 e5
9.O-O Re8 10.Be3 exd4 11.Bxd4 Qe7 12.Re1 Nc5 13.Qd2 Bd7 14.Nf4 g5 15.e5 Nfe4
16.Nxe4 Nxe4 17.Rxe4 gxf4 18.exd6 Qxd6 19.Qxf4 Qxf4 20.Rxf4 Re2 21.Bxg7 Kxg7
22.Rd1 Be6 23.Be4 Bxh3 24.Rh4 Be6 25.Bd3 Re5 26.Rxh7+ Kf6 27.f3 Rd8 28.Rh4 Bf5
29.Rf4 Kg5 30.Rb4 Re7 31.Kf2 c5 32.Rf4 Bxd3 33.Rxd3 Rxd3 34.cxd3 f5 35.b4 cxb4
36.Rxb4 b6 37.a5 bxa5 38.Rb5 a4 39.Ra5 Rd7 40.Ke3 Re7+ 41.Kd4 Rd7+ 42.Kc3 Rc7+
43.Kd2 Kf6 44.Ke3 Kg5 45.g4 Rf7 46.Kd2 a3 47.Kc3 a2 48.Kb2 Kg6 49.Rxf5 Rd7
50.Kxa2 Rxd3 51.Kb2 Rd6 52.Kc3 a5 53.Kc4 a4 54.Kb4 Rd4+ 55.Ka3 Rc4 56.Kb2 Rb4+
57.Kc3 Rb1 58.Kd2 a3 59.Ra5 Rb3 60.Ke2 Rc3 61.Kf2 Rb3 62.Kg3 Rc3 63.Ra8 Kg5
64.Rf8 Kg6 65.Rf5 a2 66.Ra5 Rc2 67.Ra6+ Kg7 68.f4 Kf7 69.Kh4 Rf2 70.Kg5 Rb2
71.f5 Ke8 72.Ra7 Rg2 73.Kh5  1-0

[Event "Wiesbaden op"]
[Site "Wiesbaden"]
[Date "1993.??.??"]
[Round "6"]
[White "Lisanti, Andre"]
[Black "Reschke, Thomas"]
[Result "1-0"]
[WhiteElo "2345"]
[BlackElo "2230"]

1.d4 g6 2.e4 Bg7 3.Nc3 c6 4.f4 d5 5.e5 h5 6.Bd3 Nh6 7.Nf3 Bg4 8.h3 Bxf3 9.Qxf3 e6
10.Be3 h4 11.Ne2 Bf8 12.Bf2 Be7 13.O-O Nd7 14.Kh2 Nf5 15.c3 c5 16.c4 dxc4
17.Bxc4 cxd4 18.Nxd4 Nxd4 19.Bxd4 O-O 20.Qg4 Nb6 21.f5 exf5 22.Qxg6+ Kh8
23.Qh6+ Kg8 24.Rxf5  1-0

[Event "Zillertal op"]
[Site "Zillertal"]
[Date "1993.??.??"]
[Round "?"]
[White "Dimitrov, Vladimir"]
[Black "Hodgson, Julian M"]
[Result "0-1"]
[WhiteElo "2460"]
[BlackElo "2565"]

1.e4 g6 2.d4 Bg7 3.Nc3 c6 4.f4 d5 5.e5 Nh6 6.Be2 f6 7.Nf3 Bg4 8.Be3 Nf5 9.Bf2 O-O
10.h3 Bxf3 11.Bxf3 fxe5 12.dxe5 e6 13.h4 Nd7 14.Qd3 Qa5 15.a3 b5 16.O-O Qd8
17.Bg4 Qe7 18.Qh3 h5 19.Be2 a5 20.Nb1 Bh6 21.g3 b4 22.a4 c5 23.Bb5 c4 24.Kh1 Rf7
25.Qg2 Rc8 26.Re1 Kh7 27.Rd1 Rcf8 28.Re1 Nxh4 29.gxh4 Rxf4 30.Rg1 Nxe5  0-1

[Event "Zweisimmen"]
[Site "Zweisimmen"]
[Date "1993.??.??"]
[Round "5"]
[White "Glauser, Hansruedi"]
[Black "Klauser, Markus"]
[Result "0-1"]
[WhiteElo "2325"]
[BlackElo "2305"]

1.e4 g6 2.d4 Bg7 3.Nc3 c6 4.Nf3 d5 5.h3 Nh6 6.Be2 O-O 7.O-O f6 8.Re1 Nf7
9.Bf1 Re8 10.Be3 b6 11.Qd2 Ba6 12.Bxa6 Nxa6 13.b3 Nc7 14.Rad1 Qd7 15.Nh2 Rad8
16.f4 dxe4 17.Nxe4 Nd5 18.Nf2 Nxe3 19.Qxe3 Nd6 20.Nf3 Nf5 21.Qe6+ Qxe6 22.Rxe6 Rd6
23.Rde1 Kf7 24.Rxd6 exd6 25.Rxe8 Kxe8 26.Nd3 h5 27.Kf2 h4 28.Nb4 Kd7 29.d5 c5
30.Nd3 b5 31.c4 bxc4 32.bxc4 Kc7 33.Nd2 Kb6 34.Nb3 Ng3 35.Kf3 f5 36.Nf2 Bd4
37.Nd3 Ne4 38.Ndc1 a5 39.Ke2 a4 40.Nxd4 cxd4 41.Kd3 Kc5 42.a3 Nc3  0-1

[Event "Altensteig-J"]
[Site "Altensteig"]
[Date "1994.??.??"]
[Round "?"]
[White "Masserey, Yvan"]
[Black "Pribyl, Martin"]
[Result "1-0"]
[WhiteElo "2315"]
[BlackElo "2360"]

1.e4 g6 2.d4 Bg7 3.Nc3 c6 4.Nf3 d5 5.h3 Nf6 6.e5 Ne4 7.Ne2 c5 8.c3 Nc6 9.Bf4 O-O
10.dxc5 Nxc5 11.Ned4 f6 12.exf6 Bxf6 13.Be3 Ne4 14.Bd3 Nd6 15.Qb3 Nf7 16.Nxc6 bxc6
17.Bc5 Re8 18.O-O-O e5 19.Bc2 Ba6 20.Rhe1 Qc7 21.Qa3 Bc4 22.Nd2 Bg5 23.Be3 Be7
24.Bc5 Bxc5 25.Qxc5 Ba6 26.Nb3 Qb6 27.Re3 Bc4 28.Qa3 a5 29.Nc5 Qc7 30.Rde1 Qd6
31.f4 e4 32.g3 Reb8 33.b3 Ba6 34.Kb2 Bc8 35.Rd1 Bxh3 36.c4 Qf6+ 37.Kb1 Nd6
38.cxd5 Nc4 39.Qc1 Nxe3 40.Qxe3 cxd5 41.Rxd5 Bf5 42.Nxe4 Bxe4 43.Qxe4 a4
44.Re5 a3 45.Bd3 Rd8 46.Kc2 Rac8+ 47.Bc4+ Kh8 48.b4 Qd6 49.Kb3 Qd2 50.Ra5 Re8
51.Qd5 Qb2+ 52.Ka4 Rcd8 53.Qf3 Qd4 54.Qb7 Qxc4 55.Ra7 Qc2+ 56.Ka5 Qf5+ 57.b5 Rd7
58.Qxd7 Qxd7 59.Rxd7 Re2 60.Rd3 Rxa2 61.Rb3 Kg7 62.b6 Ra1 63.b7 a2 64.b8=Q Re1
65.Rb7+ Kh6 66.Qf8+ Kh5 67.Qc5+ Kg4 68.Qg5+ Kh3 69.Qh4+ Kg2 70.Rb2+ Kf3 71.Rxa2  1-0

[Event "Altensteig-J"]
[Site "Altensteig"]
[Date "1994.??.??"]
[Round "?"]
[White "Huber, Armin"]
[Black "Pribyl, Martin"]
[Result "1-0"]
[WhiteElo "2305"]
[BlackElo "2360"]

1.e4 g6 2.d4 Bg7 3.Nc3 c6 4.f4 d5 5.e5 h5 6.Nf3 Bg4 7.Be2 e6 8.Be3 Nh6 9.Qd2 Nf5
10.Bf2 Nd7 11.g3 c5 12.dxc5 Bf8 13.b4 a5 14.Nb5 axb4 15.Qxb4 Qa5 16.c3 Be7
17.Nd6+ Nxd6 18.cxd6 Bd8 19.O-O Qxb4 20.cxb4 f6 21.Bd4 fxe5 22.fxe5 Rf8 23.Kg2 Ra3
24.h3 Bf5 25.Nd2 Bg5 26.Nb3 Be4+ 27.Kh2 h4 28.Rxf8+ Nxf8 29.Bb5+ Kf7 30.Bb2 Ra8
31.a4 Rc8 32.Rf1+ Kg7 33.Bd4 b6 34.gxh4 Rc2+ 35.Rf2 Bxh4 36.Rxc2 Bxc2 37.a5 bxa5
38.bxa5 Nh7 39.a6 Ng5 40.Be2 Ne4 41.a7 Ng3 42.Bf3  1-0

[Event "Altensteig-J"]
[Site "Altensteig"]
[Date "1994.??.??"]
[Round "?"]
[White "Kellenberger, Stephane"]
[Black "Maiwald, Jens Uwe"]
[Result "1/2-1/2"]
[WhiteElo "2260"]
[BlackElo "2490"]

1.e4 g6 2.d4 Bg7 3.Nc3 c6 4.Be3 d6 5.Qd2 b5 6.h3 Nd7 7.f4 b4 8.Nd1 a5 9.Nf3 Bb7
10.Bd3 e6 11.O-O Ne7 12.g4 d5 13.Nf2 Qc7 14.e5 Ba6 15.a3 Bxd3 16.Nxd3 bxa3
17.Rxa3 O-O 18.Rfa1 Nb6 19.b3 a4 20.Nc5 axb3 21.cxb3 Rxa3 22.Rxa3 Ra8 23.Qa2 Rxa3
24.Qxa3 Bf8 25.Bd2 Nec8 26.Bb4 Qa7  1/2-1/2

[Event "Amstelveen"]
[Site "Amstelveen"]
[Date "1994.??.??"]
[Round "2"]
[White "Peelen, Piet"]
[Black "Gelpke, Peter"]
[Result "1/2-1/2"]
[WhiteElo "2390"]
[BlackElo "2405"]

1.e4 g6 2.d4 Bg7 3.Nc3 c6 4.Bc4 d6 5.Qf3 e6 6.Nge2 d5 7.Bb3 Na6 8.Bf4 Nf6
9.O-O-O b5 10.Be5 O-O 11.Ng3 Nc7 12.Qf4 Nce8 13.h4 h5 14.f3 a5 15.a4 b4 16.Nce2  1/2-1/2

[Event "Amstelveen"]
[Site "Amstelveen"]
[Date "1994.??.??"]
[Round "3"]
[White "Van de Oudeweetering, Arthur"]
[Black "Fries Nielsen, Jens Ove"]
[Result "0-1"]
[WhiteElo "2325"]
[BlackElo "2390"]

1.e4 g6 2.d4 Bg7 3.Nc3 c6 4.f4 d5 5.e5 Nh6 6.Nf3 f6 7.Bd3 O-O 8.O-O Bg4 9.Ne2 Nd7
10.Qe1 fxe5 11.dxe5 Bxf3 12.Rxf3 e6 13.c3 Qe7 14.Rh3 Rf7 15.Nd4 Raf8 16.Qg3 Nf5
17.Bxf5 exf5 18.Nf3 Nc5 19.Be3 Ne4 20.Qe1 c5 21.Bf2 Rc8 22.Bh4 Qe6 23.Ng5 Nxg5
24.Bxg5 Rd7 25.Rd1 d4 26.b3 b5 27.cxd4 cxd4 28.Rhd3 Bf8 29.h4 Rc2 30.R1d2 Bb4
31.h5 Rxd2 32.Rxd2 d3 33.hxg6 hxg6 34.Bf6 Bxd2 35.Qxd2 Qb6+ 36.Kh2 Kf7 37.a4 a6
38.b4 Qe6 39.Qf2 Qc4 40.Qh4 Ke6 41.Qh8 Qxf4+ 42.Kh1 Qf1+ 43.Kh2 Qf4+ 44.Kh1 Qc1+
45.Kh2 Qc7 46.Qg8+ Rf7 47.Qxg6 Rh7+ 48.Kg3 Qf7 49.Qg5 Rh1 50.Qd2 Qg6+ 51.Kf2 Qg4
52.axb5 Qe2+ 53.Qxe2 dxe2 54.Kxe2 axb5 55.Bd8 Rb1 56.Ba5 Kxe5 57.Bc7+ Kd5
58.Ba5 Ke4 59.Kf2 f4 60.Ke2 Rb2+ 61.Kf1 Kf5  0-1